| 000 | 00906nam a2200241 a 4500 | ||
|---|---|---|---|
| 001 | BRCA_282 | ||
| 005 | 20190320202938.0 | ||
| 008 | 970226s1996 mx-a---##b---#001-0#spa-d | ||
| 020 | _a9687009470 | ||
| 040 |
_aDLC _cDLC |
||
| 050 | 4 |
_aQ127.M4 _b.T69 1996 |
|
| 100 | 1 |
_aTrabulse, Elías _d1942- _9948 |
|
| 245 | 1 | 0 |
_aArte y ciencia en la historia de México _c[Elías Trabulse]. |
| 260 |
_aMéxico _bFomento Cultural Banamex _c1996 |
||
| 300 |
_a269 p. _bil. a color, mapas _c33 cm. |
||
| 500 | _aIncluye imagen de una pieza de la Colección Franz Mayer : Biombo de ´Las artes liberales´ de Juan Correa, p. 76 | ||
| 500 | _aIncluye índice onomástico | ||
| 504 | _aBibliografía : p. 259-264 | ||
| 650 | 1 | 4 |
_aIconografía _xHistoria _zMéxico _9949 |
| 650 | 1 | 4 |
_aCiencia _vTrabajos Ilustrados _xHistoria _zMéxico _9950 |
| 650 | 1 | 4 |
_aTecnología _vTrabajos Ilustrados _xHistoria _zMéxico _9951 |
| 942 |
_2lcc _cB |
||
| 999 |
_c227 _d227 |
||